港別漁獲量ランキング - Statistics

General Stats
  • This quiz has been taken 527 times
  • The average score is 14 of 20
Answer Stats
順位 漁港 都道府県 漁獲量(t) % Correct
1 銚子 千葉 228,343
98%
3 焼津 静岡 112,405
94%
2 釧路 北海道 141,609
92%
5 鳥取 76,958
91%
4 石巻 宮城 83,819
85%
8 長崎 長崎 40,253
84%
12 気仙沼 宮城 17,581
84%
16 根室 北海道 9,941
82%
19 舞鶴 京都 7,389
81%
11 八戸 青森 18,620
78%
10 唐津 佐賀 19,130
75%
6 枕崎 鹿児島 66,294
73%
14 宮古 岩手 10,298
68%
15 沼津 静岡 9,945
66%
17 網走 北海道 9,545
60%
9 女川 宮城 24,465
57%
20 三崎 神奈川 7,386
50%
7 松浦 長崎 55,493
43%
13 羅臼 北海道 10,581
17%
18 阿久根 鹿児島 7,810
17%
No matching quizzes found
Score Distribution
Percent of People with Each Score
Percentile by Number Answered
Your Score History
You have not taken this quiz